Israel. La tierra más disputada. Del sionismo al conflicto de Palestina.
Uloženo v:
| Hlavní autor: | |
|---|---|
| Další autoři: | |
| Médium: | Neznámo |
| Jazyk: | angličtina |
| Vydáno: |
Barcelona, España:
Ediciones Península,
2024.
|
| Vydání: | Primera edición. |
| Témata: | |
| Tagy: |
Přidat tag
Žádné tagy, Buďte první, kdo vytvoří štítek k tomuto záznamu!
|
MARC
| LEADER | 00000 a2200000 4500 | ||
|---|---|---|---|
| 003 | CL-VaPUC | ||
| 005 | 20241111105236.0 | ||
| 008 | 241104t2024 ||||| |||| 00| 0 eng d | ||
| 999 | |c 445418 |d 445416 | ||
| 020 | |a 978-84-1100-225-7 | ||
| 040 | |c Pontificia Universidad Católica de Valparaíso | ||
| 082 | |2 22 |a 956.94 CUL 2024 | ||
| 100 | |a Culla, Joan B. |9 893080 |e autor | ||
| 245 | |a Israel. La tierra más disputada. |b Del sionismo al conflicto de Palestina. | ||
| 250 | |a Primera edición. | ||
| 260 | |a Barcelona, España: |b Ediciones Península, |c 2024. | ||
| 300 | |a 774 páginas. | ||
| 583 | |k Yessy Díaz Vidal |c 20241104 | ||
| 651 | 0 | |9 314378 |a Israel |v Historia económica y política |y Siglos 19-21 | |
| 651 | 0 | |9 357080 |a Oriente medio |x Conflictos internacionales |y Siglos 19-21 | |
| 651 | 0 | |9 324189 |a Palestina |x Política y gobierno |x Sionismo | |
| 700 | |9 893090 |a Fortet, Adrià |e autor | ||
| 942 | |2 ddc |c BK | ||
| 952 | |0 0 |1 0 |2 ddc |4 0 |6 956_940000000000000_CUL_2024 |7 0 |8 A |9 597732 |a BIBHIS |b BIBHIS |d 2024-11-04 |e 3 |g 29794.00 |i 5663111 |l 1 |o 956.94 CUL 2024 |p 5663111 |q 2025-05-09 |r 2025-04-09 |s 2025-04-09 |t 1 |v 29794.00 |w 2024-11-04 |y BK |k HIS | ||